Lake Chelan in the 1890s (Record no. 2131)

000 -LEADER
fixed length control field 00574nam a22001937a 4500
005 - DATE AND TIME OF LATEST TRANSACTION
control field 20210414095332.0
008 - FIXED-LENGTH DATA ELEMENTS--GENERAL INFORMATION
fixed length control field 210311s1972 ||||| |||| 00| 0 eng d
040 ## - CATALOGING SOURCE
Original cataloging agency eng
Transcribing agency DLC
041 ## - LANGUAGE CODE
Language code of text/sound track or separate title eng
080 ## - UNIVERSAL DECIMAL CLASSIFICATION NUMBER
Universal Decimal Classification number 91
Item number B-99
100 ## - MAIN ENTRY--PERSONAL NAME
9 (RLIN) 1366
Personal name Byrd, Robert
245 ## - TITLE STATEMENT
Title Lake Chelan in the 1890s
Remainder of title : 1891 Steamboat Trip to Stehekin on Lake Chelan's First Steamer
Statement of responsibility, etc. / by: Robert Byrd
260 ## - PUBLICATION, DISTRIBUTION, ETC.
Place of publication, distribution, etc. Stehekin, Washington
Name of publisher, distributor, etc. Robert Byrd
Date of publication, distribution, etc. 1972
300 ## - PHYSICAL DESCRIPTION
Extent 33 p.
Other physical details ill.
365 ## - TRADE PRICE
Price amount 2.95 usd
650 #0 - SUBJECT ADDED ENTRY--TOPICAL TERM
9 (RLIN) 490
Topical term or geographic name entry element Geography
653 ## - INDEX TERM--UNCONTROLLED
Uncontrolled term გეოგრაფია
942 ## - ADDED ENTRY ELEMENTS (KOHA)
Source of classification or shelving scheme
Koha item type Books
Holdings
Withdrawn status Lost status Source of classification or shelving scheme Damaged status Not for loan Permanent location Current location Date acquired Inventory number Total Checkouts Full call number Barcode Date last seen Price effective from Koha item type
          Ken Walker International University Ken Walker International University 03/11/2021 1625   91 B-99 1625 03/11/2021 03/11/2021 Books

Powered by Koha